000 00826nam a22002055i 4500
001 165305
003 ES-MaACL
005 20250716062538.0
008 041104s1869 gw |||| | eng d
040 _aCAM
_bspa
_cCAM
100 1 _aShakespeare, William,
_d1564-1616
_9105992
245 1 0 _aDoubtful plays /
_cof William Shakespeare.
260 _aLeipzig :
_bBernhard Tauchnitz,
_c1869.
300 _aVI, 352 p. ;
_c17 cm.
490 1 _aCollection of British Authors ;
_v1041
505 8 _aContiene: King Edward III (p. 1-76). Thomas Lord Cromwell (p. 77-130). Locrine (p. 131-194). A yorkshire tragedy (p. 195-218). The London prodigal (p. 219-278). The birth of Merlin (p. 279-352)
830 0 _aCollection of British Authors ;
_v1041
_9180703
852 _aES-MaACL
_jG-12843
_z-- Enc. hol.
999 _c165305
_d165305